000
00274nam a22001337a 4500
008
170419b xxu||||| |||| 00| 0 eng d
020
_a
9781889538235
041
_a
eng
080
_a
573
100
_a
11
101
_a
SHM
245
_a
BULBS
_c
HANSON, B
942
_2
udc
_c
BK
999
_c
11187
_d
11187